000 00642nam a22001937a 4500
005 20251108164645.0
008 250721s1981 xx 000 0 ara d
082 1 4 _a519/فري
100 1 _aأبو زينه، فريد
245 1 0 _aالطرق الإحصائية في التربية و العلوم الإنسانية :
_bنهج حديث /
264 1 _aعمان :
_bدار الفرقان،
_c1981.
300 _aج : جداول
650 1 7 _aنظرية الإحتمالات
650 1 7 _aالإحصاء الرياضي
700 1 _aلطفيه، لطفي
700 1 _aالخليلي، خليل
942 _2ddc
_cBK
999 _c11117
_d11117